000 00513nam a2200205Ia 4500
003 GCL
008 140319s9999 xx 000 0 eng d
040 _aGCL /
_cGCL
082 0 4 _a332.49
_bH A
100 1 _aHOWGEGO, CHRISTOPHER
245 1 0 _aANCIENT HISTORY FROM COINS /
_cHOWGEGO, CHRISTOPHER
260 _a[S.N] :
_bROUTLEDGE ،
_c1995
300 _a176 P
650 0 4 _aECONOMICS
650 0 4 _aMONEY
650 0 4 _aCOINS, COLLECTION
650 0 4 _aCOINS
650 0 4 _aCOINS - HISTORY
942 _2ddc
_cBK
999 _c13922
_d13922